[Event "Gibraltar Masters 11th"]
[Site "Caleta"]
[Date "2013.01.22"]
[Round "1"]
[White "Ivanchuk, Vassily"]
[Black "Zygouris, Hristos"]
[Result "1/2-1/2"]
[WhiteElo "2758"]
[BlackElo "2218"]
[PlyCount "61"]
[EventDate "2013.01.22"]
[EventType "swiss"]
[EventRounds "10"]
[EventCountry "GGB"]
[SourceTitle "CBM 153"]
[Source "ChessBase"]
[SourceDate "2013.03.14"]
[SourceVersion "1"]
[SourceVersionDate "2013.03.14"]
[SourceQuality "1"]

1. d4 Nf6 2. c4 e6 3. Nc3 d5 4. Bg5 Be7 5. e3 h6 6. Bh4 0-0 7. Rc1 dxc4 8. Bxc4 c5 9. dxc5 Qxd1+ 10. Kxd1 Bxc5 11. Nf3 Nc6 12. Ke2 Bd7 13. Rhd1 Rfd8 14. e4 g5 15. Bg3 Be8 16. h3 Rac8 17. Kf1 Kf8 18. a3 Nd4 19. Be5 Be7 20. Rxd4 Rxd4 21. Bxd4 Rxc4 22. Rd1 b6 23. Ne5 Rc8 24. f3 Nd7 25. Nd3 Nb8 26. Ne2 Bb5 27. Ke1 Nc6 28. Bc3 Rd8 29. Nf2 Rxd1+ 30. Nxd1 f6 31. Ne3 1/2-1/2